Statistics for History by Letter - F

Click here to take the quiz!

General Stats

  • This quiz has been taken 90,876 times
    (90,851 since last reset)
  • The average score is 14 of 22

Answer Stats

HintAnswer% Correct
Jewish diarist who hid in
an Amsterdam attic
Anne Frank
95%
His assassination started WWIFranz Ferdinand
88%
Austrian founder of psychoanalysisSigmund Freud
88%
War between Argentina and the UKFalklands War
82%
Founding father on the $100 billBenjamin Franklin
81%
Mussolini's "ism"{Fasc}ism
79%
Medieval system of lords and vassals{Feudal}ism
78%
City of the MediciFlorence
78%
Revolution that started in 1789French Revolution
73%
Gunpowder plotterGuy Fawkes
70%
Nixon's successorGerald Ford
69%
Chinese imperial palace, 1420–1912{Forbidden} City
68%
What Spain ceded to the US in 1819Florida
62%
Symbol on the French coat-of-armsFleur-de-lis
54%
Penicillin discovererAlexander Fleming
51%
Style of mural painting popular
in Renaissance Italy
Fresco
51%
Term for a brash, bobbed-hair woman
of the Jazz Age
Flapper
48%
Tragedy by Goethe about a
bargain with the Devil
Faust
46%
Englishman who discovered
electromagnetism
Michael Faraday
28%
Society with a "Scottish Rite"Freemasonry
24%
Another name for the Colosseum{Flavian}
Amphitheatre
22%
Spiritual and exercise movement
brutally suppressed by China
Falun Gong
15%

Score Distribution

Percentile by Number Answered

Percent of People with Each Score

Your Score History

You have not taken this quiz since the last reset